Institucional conditions and impact fiscal policy on economic growth: case of European Union countries

Inštitucionálne podmienky a dopad fiškálnej politiky na ekonomický rast - na príklade 24 krajín Európskej únie v rokoch 1996-2012. Výsledky analýzy ukázali, že inštitucionálne podmienky majú značný vplyv na ekonomický rast.

Salvato in:
Dettagli Bibliografici
Autore principale: Drobiszová, Agata
Natura: Capitolo di libro
Lingua:inglese
Soggetti:
Tags: Aggiungi Tag
Nessun Tag, puoi essere il primo ad aggiungerne!!

MARC

LEADER 00000nla a2200000 4500
001 0200213
005 20240417075057.0
041 0 |a eng 
044 |a CZ 
245 1 0 |a Institucional conditions and impact fiscal policy on economic growth: case of European Union countries  |c Agata Drobiszová 
520 |a Inštitucionálne podmienky a dopad fiškálnej politiky na ekonomický rast - na príklade 24 krajín Európskej únie v rokoch 1996-2012. Výsledky analýzy ukázali, že inštitucionálne podmienky majú značný vplyv na ekonomický rast. 
610 2 0 |a rast hospodársky 
610 2 0 |a politika fiškálna 
610 2 0 |a výdavky štátne 
610 2 0 |a dane z príjmov 
610 2 0 |a akumulácia kapitálu 
610 2 0 |a kapitál ľudský 
610 2 0 |a dane nepriame 
610 2 0 |a dane priame 
610 2 0 |a rozpočet štátny 
610 2 0 |a Európska únia 
100 1 |a Drobiszová, Agata